Focus sur: Gervais Ollivander - Harry Potter - Statistiques

Statistiques générales
  • Ce quiz a été pris 39 fois
  • Le résultat moyen est 4 sur 5
Statistiques - réponses
Informations recherchées Réponses % Correct
Statut du sang Sang-Pur
97%
Profession Fabricant de baguettes
86%
Fils Garrick Ollivander
78%
Première mention (site Internet) Pottermore
78%
Père Gerbold Ollivander
28%
Aucun quiz correspondant
Distribution des résultats
% des personnes avec chaque résultat
Percentile par nombre de réponses
Votre historique - résultats
Vous n’avez pas pris ce quiz